Středně a dlouhodobé vývozní odběratelské úvěry
Charakteristika vývozného odberateľského úveru. Medzibankový odberateľský úver. Odberateľský úver poskytnutý priamo finálnemu odberateľovi. Poistenie úverových rizík.
Gespeichert in:
| 1. Verfasser: | |
|---|---|
| Weitere Verfasser: | |
| Format: | Buchkapitel |
| Sprache: | Tschechisch |
| Schlagworte: | |
| Tags: |
Keine Tags, Fügen Sie das erste Tag hinzu!
|
MARC
| LEADER | 00000naa a2200000 4500 | ||
|---|---|---|---|
| 001 | r022568 | ||
| 005 | 20230522112329.1 | ||
| 041 | 0 | |a cze | |
| 044 | |a CZ | ||
| 245 | 1 | 0 | |a Středně a dlouhodobé vývozní odběratelské úvěry |c V. Matušek, V. Řepík |
| 520 | |a Charakteristika vývozného odberateľského úveru. Medzibankový odberateľský úver. Odberateľský úver poskytnutý priamo finálnemu odberateľovi. Poistenie úverových rizík. | ||
| 610 | 2 | 0 | |a úver dlhodobý |
| 610 | 2 | 0 | |a úver zahraničný |
| 610 | 2 | 0 | |a vývoz |
| 610 | 2 | 0 | |a financovanie |
| 610 | 2 | 0 | |a zákazníci |
| 610 | 2 | 0 | |a EGAP Praha |
| 610 | 2 | 0 | |a ČSOB, a.s. Praha |
| 610 | 2 | 0 | |a zmluvy úverové |
| 610 | 2 | 0 | |a riziko |
| 610 | 2 | 0 | |a OECD |
| 100 | 1 | |a Matušek, V. | |
| 700 | 1 | |a Řepík, V. | |